000 00591nam a2200229Ia 4500
003 OSt
005 20221005131708.0
006 a|||||r|||| 00| 0
007 ta
008 221004b |||||||| |||| 00| 0 eng d
024 _a43646
037 _cTextual
040 _aCRL
_cCRL
_beng
041 _2eng
_aeng
082 _aO111,1M88:g, K8
100 _aSoutham B C
245 0 _aStudent's guide to the selected poems of T S Eliot
260 _c1968
650 _aENGLISH LITERATURE
942 _hO111,1M88:g, K8
_cTEXL
_2cc
999 _c1061142
_d1061142